000 00372nam a2200133Ia 4500
008 231129s2009||||xx |||||||||||||| ||spa||
020 _a958-703-122-9
040 _bspa
082 _aR 731.42 J93p
245 0 _aJugando con la plastilina: Personajes
260 _c2009
264 _aEditora Cultural Internacional
942 _2ddc
_cBKS
999 _c16260
_d16260